| 000 | 00595nam a22002177a 4500 | ||
|---|---|---|---|
| 999 |
_c4655 _d4655 |
||
| 001 | 4655 | ||
| 003 | BD-JhCC | ||
| 005 | 20171129171632.0 | ||
| 008 | 171129b xxu||||| |||| 00| 0 eng d | ||
| 035 | _a(BD-JhCC) 4655 | ||
| 040 |
_aBD-JhCC _dBD-JhCC |
||
| 041 | _aben | ||
| 082 |
_a941.1 _bAMI |
||
| 100 | _aআমিন, রুহুল | ||
| 245 |
_aস্কটল্যাণ্ড / _cরুহুল আমিন |
||
| 260 |
_a217 p .: _bনওরোজ কিতাবিস্তান , |
||
| 300 |
_a217 p.: _c17 cm . |
||
| 650 | _aScotland | ||
| 942 |
_2ddc _cBK |
||